Usage of machine learning techniques in blockchain technology with aim on cryptocurrencies

Saved in:
Bibliographic Details
Main Author: Okasová, Kristína (Author)
Other Authors: Košťál, Kristián (Thesis advisor)
Format: Manuscript Book
Language:Slovak
English
Published: 2023
Subjects:
Online Access:http://is.stuba.sk/zp/portal_zp.pl?podrobnosti=155101
Tags: Add Tag
No Tags, Be the first to tag this record!

MARC

LEADER 00000ntm a22000003a 4500
001 stuzp92477
003 SK-STU
005 20230909213312.7
007 ta
008 150427s2015----xo-----f-mn---000-0-slo-d
040 |a STU  |b slo 
041 0 |a eng 
100 1 |a Okasová, Kristína  |u 070400  |4 aut  |U FIIT Fakulta informatiky a informačných technológií  |T FIIT Ústav počítačového inžinierstva a aplikovanej informatiky  |X 103073  |U I400  |Y 672  |7 103073 
242 0 1 |a Využitie techník strojového učenia v technológii blockchain so zameraním na kryptomeny  |y slo 
245 1 0 |a Usage of machine learning techniques in blockchain technology with aim on cryptocurrencies 
260 |c 2023 
650 4 |a burza  |2 slo 
650 4 |a blockchain  |2 slo 
650 4 |a arbitráž  |2 slo 
650 4 |a obchodovanie  |2 slo 
650 4 |a strojové učenie  |2 slo 
650 4 |a kryptomeny  |2 slo 
650 4 |a blockchain  |2 eng 
650 4 |a arbitrage  |2 eng 
650 4 |a trading  |2 eng 
650 4 |a cryptocurrency  |2 eng 
650 4 |a exchange  |2 eng 
650 4 |a machine learning  |2 eng 
700 1 |a Košťál, Kristián  |u 070400  |k Z1  |4 ths  |U FIIT Fakulta informatiky a informačných technológií  |T FIIT Ústav počítačového inžinierstva a aplikovanej informatiky  |X 52559  |U I400  |Y 672  |7 52559 
856 4 |u http://is.stuba.sk/zp/portal_zp.pl?podrobnosti=155101